Diario de la Amazonia

Guardat en:
Dades bibliogràfiques
Autor principal: Casement, Roger (Autor)
Format: Llibre
Idioma:espanyol
Publicat: La Coruña Ediciones del Viento S. L 2011
Col·lecció:Viento Simún, 64
Matèries:
Etiquetes: Afegir etiqueta
Sense etiquetes, Sigues el primer a etiquetar aquest registre!

MARC

LEADER 00000cam a2200000 a 4500
001 UCF7798
003 CL-VaPUC
008 130704e20110000SP |||||||||||||||||spa|d
020 |a 9788496964822 
082 0 4 |a 820  |b CAS  |2 21 
100 0 |a Casement, Roger  |e author  |9 507939 
245 1 0 |a Diario de la Amazonia 
300 |a 423 p 
942 |c BK 
945 |d 20130704 00:00:00  |a dcastane 
260 |a La Coruña  |b Ediciones del Viento S. L  |c 2011 
500 |a Incluye tarjeta postal en blanco y negro 
650 0 |a Literatura inglesa  |9 312907 
650 0 |a Escritores ingleses  |9 389424 
650 7 |a NACIONALISMO  |2 CL-VaPUC  |9 569908 
583 |a last modification  |c 20130704 11:43:00  |k Rodrigo Vera 
490 0 |a Viento Simún, 64 
999 |c 352560  |d 352558 
952 |0 0  |1 0  |4 0  |6 820_000000000000000_CAS_2011  |7 0  |8 A  |9 457123  |a BIBING  |b BIBING  |d 2019-11-22  |i 4983343  |l 5  |m 1  |o 820 CAS 2011  |p 4983343  |r 2025-01-20  |s 2024-07-24  |w 2019-11-22  |y BK  |k CUI